000 00666nam a2200301Ia 4500
005 20260401122101.0
008 008 250103s9999 xx 000 0 eng d
020 _a9780195651188
037 _aTB
040 _aEDL
040 _beng
040 _cEDL
041 _2eng
041 _aeng
084 _a821 MOD
084 _qEDL
100 _aDepartment of English
_91232545
245 0 _aModern Indian Literature
245 0 _cDepartment of English
260 _aDelhi
260 _bOxford University Press
260 _c2000
300 _a148p
942 _cTB
942 _h821 MOD
999 _c1844808
_d1844808